000 00293nam a2200109Ia 4500
005 20251222114402.0
008 251222s1900||||xx |||||||||||||| ||spa||
082 _aDVD0070/G63/2015
245 0 _aLittle boy: believe the impossible
264 _bMetanoia Films : | Santa Fé Films,
942 _cDVD
999 _c1669
_d1669